书目信息 |
| 题名: |
世界各国创新系统
|
|
| 作者: | 曾国屏 主编 | |
| 分册: | ||
| 出版信息: | 济南 山东教育出版社 1999 |
|
| 页数: | 290页 | |
| 开本: | 20cm | |
| 丛书名: | ||
| 单 册: | ||
| 中图分类: | F204 | |
| 科图分类: | ||
| 主题词: | 国家创新系统--世界 | |
| 电子资源: | ||
| ISBN: | 7-5328-2929-4 | |
| 000 | 00676nam0 2200205 450 | |
| 001 | 0752906185 | |
| 005 | 20070727094147.14 | |
| 010 | @a7-5328-2929-4@dCNY13.50 | |
| 100 | @a20070709d1999 km y0chiy0120 ea | |
| 101 | 0 | @achi |
| 102 | @aCN@b370000 | |
| 200 | 1 | @a世界各国创新系统@Ashi jie ge guo chuang xin xi tong@e知识的生产、扩散与利用@f曾国屏等主编@Fceng guo ping deng zhu bian |
| 210 | @a济南@c山东教育出版社@d1999 | |
| 215 | @a290页@d20cm | |
| 517 | 1 | @a知识的生产、扩散与利用@Azhi shi de sheng chan、kuo san yu li yong |
| 606 | 0 | @a国家创新系统@y世界 |
| 690 | @aF204@v3 | |
| 701 | 0 | @a曾国屏@Aceng guo ping@4主编 |
| 801 | 0 | @aCN@bPFT@c20070727 |
| 905 | @a10447@dF204@e65 | |
| 世界各国创新系统:知识的生产、扩散与利用/曾国屏等主编.-济南:山东教育出版社,1999 |
| 290页;20cm |
| ISBN 7-5328-2929-4:CNY13.50 |
| ● |
| 相关链接 |
|
|
|
|
正题名:世界各国创新系统
索取号:F204/65
 
预约/预借
| 序号 | 登录号 | 条形码 | 馆藏地/架位号 | 状态 | 备注 |
| 1 | 0768397 | 207683979 | 第一样本阅览室/ [索取号:F204/65] | 在馆 | |
| 2 | 0784611 | 207846116 | 密集书库/ [索取号:F204/65] | 在馆 |